Responses for show #2759 - Thursday, September 5, 1996

Bernie Cullen game 4.

Contestants

Tyler Hathaway, a futures trader from New York City, New York

Marjorie MacDonald, a systems specialist from Dover, Delaware

Bernie Cullen, a biology graduate student originally from Dublin, Ireland (whose 3-day cash winnings total $35,499)

Jeopardy! Round responses

ROBIN HOOD
FIRST AID
CINEMATIC SIBLINGS
NATURE
BASKETBALL
"IN" PLACES
    $100 7
Sherwood Forest

Marjorie
    $100 2
a compound fracture

Bernie
    $100 12
Psycho

Marjorie
    $100 14
sharks

Tyler
    $100 1
Wilt Chamberlain

Marjorie
    $100 21
Indonesia

Bernie
    $200 8
Maid Marian

Marjorie
    $200 3
an incision

Bernie
    $200 13
(Marjorie: What is Pride and Prejudice?)

Sense and Sensibility

BernieMarjorie
    $200 15
a giraffe

Marjorie
    $200 27
Barcelona

Marjorie
    $200 22
the Indus River

Bernie
    $300 9
(Alex: Yeah, John little.)

Little John

Bernie
    $300 4
a first-degree burn

Marjorie
    $300 19
Little Women

Bernie
    $300 16
marsupials

Marjorie
    $300 28
Chuck Connors

Marjorie
    $300 23
the West Indies

Tyler
    $400 10
Friar Tuck

Bernie
    $400 5
shock

Tyler
    $400 20
Melanie Griffith

Triple Stumper
    $400 17
migration

Marjorie
    $400 29
the Harlem Globetrotters

Bernie
    $400 24
Innsbruck

Bernie
    $500 11
Ivanhoe

Marjorie
    $500 6
a suction cup

Marjorie
    $500 26
East of Eden

Bernie
    $1,000 18
(Marjorie: What are pheronomes?)

pheromones

Marjorie
    $500 30
the New York Knicks

Tyler
    $500 25
Independence

Bernie

Scores at the first commercial break (after clue 15):

Bernie Marjorie Tyler
$1,200 $1,800 $500

Scores at the end of the Jeopardy! Round:

Bernie Marjorie Tyler
$3,600 $2,000 $1,300

Double Jeopardy! Round responses

PIANISTS
U.S. GEOGRAPHY
EUROPEAN HISTORY
FOOD
PEN NAMES
POTPOURRI
    $200 6
Liberace

Marjorie
    $200 1
the Mississippi

Marjorie
    $200 14
the Thames

Marjorie
    $200 9
an upside-down cake

Marjorie
    $200 21
(Frank) Baum

Bernie
    $200 19
abominable

Bernie
    $400 7
Van Cliburn

Bernie
    $400 2
Arkansas

Triple Stumper
    $400 15
Ferdinand and Isabella

Bernie
    $400 10
bitter

Marjorie
    $400 22
Ford Madox Ford

Bernie
    $400 20
(Tyler: What's the statue of Zeus at Olympus?)
[…]
(Alex: Oh Tyler, unfortunately you gave me additional information which made it incorrect.)

the statue of Zeus at Olympia

Tyler
Triple Stumper
    $600 8
Michael Feinstein

Triple Stumper
    $1,000 3
(Marjorie: What are California, Arizona, Nevada, and New Mexico?)
(Alex: No, you started off incorrectly by mentioning California. We've got [*].)

Arizona, New Mexico, Colorado, & Utah

Marjorie
    $600 16
(Kurt) Waldheim

Marjorie
    $600 11
wontons

Bernie
    $600 23
Thackeray

Bernie
    $600 26
magnetic resonance imaging

Marjorie
    $800 4
Lake Pontchartrain

Bernie
    $800 17
(Alex: Well, you're very good at finding them. Let's see if you can come up with a correct response on this one, Marjorie.)
[…]
(Marjorie: Council of Nance, what is the Council of Nance?)
[…]
(Alex: Boy, you're in a good mood for somebody who, uh, just missed a clue.)

the Council of Trent

Marjorie
    $800 12
chickpeas (or garbanzos)

Bernie
    $800 24
Anne Brontë

Bernie
    $800 27
Parson

Bernie
    $1000 5
Connecticut

Tyler
    $1000 18
the Jacobins

Tyler
    $1000 13
a calzone

Tyler
    $1000 25
Germaine Greer

Triple Stumper
    $1000 28
(Marjorie: What is Italy?)
[The end-of-round signal sounds.]

Brazil

Marjorie
Triple Stumper

Scores at the end of the Double Jeopardy! Round:

Bernie Marjorie Tyler
$9,600 $1,600 $3,900
(lock game)

[wagering suggestions for these scores]

Final Jeopardy! Round responses

TELEVISION HISTORY
MarjorieWho was Lucille Ball
$1,500
TylerWho was Lucille Ball?
$600
BernieWho is Lucy Ball?
$403
Lucille Ball

Final scores:

Bernie Marjorie Tyler
$10,003 $3,100 $4,500
4-day champion: $45,502 + the official Jeopardy! scorekeeper 3rd place: a gift certificate for a library of books from DK Publishing + the official Jeopardy! scorekeeper 2nd place: a week at Swept Away Resort in Negril, Jamaica with round-trip travel provided by Air Jamaica + the official Jeopardy! scorekeeper

Game dynamics:

Coryat scores:

Bernie Marjorie Tyler
$9,600 $4,400 $3,900
23 R,
0 W
19 R,
5 W
(including 3 DDs)
7 R,
1 W

Combined Coryat: $17,900

The J! Archive is created by fans, for fans. The Jeopardy! game show and all elements thereof, including but not limited to copyright and trademark thereto, are the property of Jeopardy Productions, Inc. and are protected under law. This website is not affiliated with, sponsored by, or operated by Jeopardy Productions, Inc. Join the discussion at JBoard.tv.